[Event "Oberliga NRW 2324"]
[Site "Germany"]
[Date "2024.04.28"]
[Round "9.7"]
[White "Dette, Tim"]
[Black "Gallasch, Robin"]
[Result "0-1"]
[WhiteElo "1867"]
[BlackElo "2110"]
[PlyCount "90"]
[EventDate "2023.09.03"]
[EventType "team-tourn"]
[EventRounds "9"]
[EventCountry "GER"]
[SourceTitle "EXT 2025"]
[Source "ChessBase"]
[SourceDate "2024.10.14"]
[SourceVersion "1"]
[SourceVersionDate "2024.10.14"]
[SourceQuality "1"]
[WhiteTeam "Essen Katernberg II"]
[BlackTeam "Koeln Porz II"]
[WhiteTeamCountry "GER"]
[BlackTeamCountry "GER"]

1. e4 c5 2. c4 Nc6 3. g3 g6 4. Bg2 Bg7 5. Ne2 e6 6. 0-0 Nge7 7. Nbc3 0-0 8. d3 d6 9. Be3 Nd4 10. Rb1 a6 11. b4 Rb8 12. a3 Bd7 13. Bf4 e5 14. Bd2 Qc8 15. Nxd4 cxd4 16. Nd5 Nxd5 17. cxd5 Bb5 18. Qb3 Qd7 19. Rbc1 f5 20. Bh3 Rbc8 21. Rxc8 Rxc8 22. Rc1 Rxc1+ 23. Bxc1 Qc8 24. Bd2 Bd7 25. f3 h5 26. Qd1 Kh7 27. Qc1 Qxc1+ 28. Bxc1 Bh6 29. Bxh6 Kxh6 30. Kf2 Kg5 31. Bg2 Bb5 32. Bf1 f4 33. Be2 fxg3+ 34. hxg3 Bd7 35. Kg2 h4 36. Kh2 hxg3+ 37. Kxg3 Ba4 38. f4+ exf4+ 39. Kf3 Bd7 40. Kg2 Kf6 41. Kf2 g5 42. Bh5 g4 43. a4 g3+ 44. Kg2 Bxa4 45. Bg4 b6 0-1

[Event "DSOL 06 Liga Gr-B 1st"]
[Site "Playchess.com INT"]
[Date "2020.08.07"]
[Round "7.4"]
[White "Dette, Tim"]
[Black "Chen, Jianqi"]
[Result "1-0"]
[WhiteElo "1732"]
[BlackElo "947"]
[PlyCount "51"]
[EventDate "2020.06.22"]
[EventType "team-tourn (rapid)"]
[EventCountry "GER"]
[SourceTitle "EXT 2021"]
[Source "ChessBase"]
[SourceDate "2020.10.23"]
[SourceVersion "1"]
[SourceVersionDate "2020.10.23"]
[SourceQuality "1"]
[WhiteTeam "Essen Katernberg II"]
[BlackTeam "Gern SF II"]
[WhiteTeamCountry "GER"]
[BlackTeamCountry "GER"]

1. e4 d5 2. exd5 Qxd5 3. Nc3 Qa5 4. Nf3 c5 5. Bc4 Bd7 6. Ne5 Be6 7. Bxe6 fxe6 8. Qh5+ g6 9. Nxg6 Bg7 10. Nxh8+ Kd8 11. Nf7+ Kd7 12. 0-0 h6 13. Ne4 Qb4 14. Nxc5+ Kc7 15. Nxe6+ Kd7 16. Qd5+ Ke8 17. Nxg7+ Kf8 18. Nh5 Nc6 19. c3 Qg4 20. d4 Qg6 21. Bxh6+ Nxh6 22. Nxh6 Qxh6 23. Qf5+ Ke8 24. Rfe1 Rd8 25. Nf6+ Kf7 26. Ng4+ 1-0

[Event "Ruhrgebiet Verbandsliga Gruppe 1 1718"]
[Site "Germany"]
[Date "2018.04.29"]
[Round "9.7"]
[White "Dette, Tim"]
[Black "Kraska, Erwin"]
[Result "1-0"]
[WhiteElo "1818"]
[BlackElo "1535"]
[PlyCount "47"]
[EventDate "2017.09.17"]
[EventType "team-tourn"]
[EventRounds "9"]
[EventCountry "GER"]
[SourceTitle "EXT 2022"]
[Source "ChessBase"]
[SourceDate "2021.10.06"]
[SourceVersion "1"]
[SourceVersionDate "2021.10.06"]
[SourceQuality "1"]
[WhiteTeam "Essen Katernberg III"]
[BlackTeam "Muelheim Nord IV"]
[WhiteTeamCountry "GER"]
[BlackTeamCountry "GER"]

1. e4 g6 2. Nf3 Bg7 3. d3 d6 4. Nc3 Nf6 5. g3 Nc6 6. Bg2 0-0 7. 0-0 Bg4 8. h3 Bd7 9. d4 e5 10. dxe5 dxe5 11. Be3 b6 12. Qe2 Qe7 13. Rad1 Rfd8 14. Nd5 Nxd5 15. exd5 Na5 16. Bg5 Bf6 17. Bxf6 Qxf6 18. Qxe5 Qd6 19. Qd4 c5 20. dxc6 Qxd4 21. Nxd4 Be8 22. c7 Rac8 23. cxd8Q Rxd8 24. Nb3 1-0

[Event "Ruhrgebiet Verbandsliga Gruppe 1 1718"]
[Site "Germany"]
[Date "2017.10.08"]
[Round "2.8"]
[White "Dette, Tim"]
[Black "Lauer, Boris"]
[Result "1/2-1/2"]
[WhiteElo "1815"]
[BlackElo "1830"]
[PlyCount "31"]
[EventDate "2017.09.17"]
[EventType "team-tourn"]
[EventRounds "9"]
[EventCountry "GER"]
[SourceTitle "EXT 2022"]
[Source "ChessBase"]
[SourceDate "2021.10.06"]
[SourceVersion "1"]
[SourceVersionDate "2021.10.06"]
[SourceQuality "1"]
[WhiteTeam "Essen Katernberg III"]
[BlackTeam "Annen Sport Union"]
[WhiteTeamCountry "GER"]
[BlackTeamCountry "GER"]

1. e4 e6 2. d4 d5 3. exd5 exd5 4. Nf3 Nf6 5. Bd3 Bd6 6. 0-0 0-0 7. Re1 Bg4 8. Bg5 Bxf3 9. Qxf3 Nbd7 10. Bf4 Bxf4 11. Qxf4 c6 12. Nd2 Qa5 13. Nb3 Qb6 14. c3 Rae8 15. h3 g6 16. Rad1 1/2-1/2

[Event "GER-chT U14"]
[Site "Lingen"]
[Date "2011.12.30"]
[Round "7.2"]
[White "Dette, Tim"]
[Black "Maier, Lukas"]
[Result "1/2-1/2"]
[WhiteElo "1553"]
[BlackElo "1503"]
[PlyCount "73"]
[EventDate "2011.12.27"]
[EventType "team-swiss"]
[EventRounds "7"]
[EventCountry "GER"]
[SourceTitle "EXT 2022"]
[Source "ChessBase"]
[SourceDate "2021.10.06"]
[SourceVersion "1"]
[SourceVersionDate "2021.10.06"]
[SourceQuality "1"]
[WhiteTeam "Katernberg U14"]
[BlackTeam "Backnang U14"]
[WhiteTeamCountry "GER"]
[BlackTeamCountry "GER"]

1. e4 e5 2. d4 exd4 3. Nf3 c5 4. Bc4 Nc6 5. c3 dxc3 6. 0-0 d6 7. Nxc3 Be7 8. Bf4 Nf6 9. a3 0-0 10. Qc2 a6 11. Rad1 Qc7 12. Rfe1 Bg4 13. Rd3 Ne5 14. Bxe5 dxe5 15. h3 Bh5 16. Nh4 b5 17. Bd5 Rad8 18. Qc1 b4 19. g4 bxc3 20. gxh5 Nxd5 21. exd5 cxb2 22. Qxb2 Bxh4 23. Re4 Bf6 24. Qd2 Rd6 25. Rg3 Rfd8 26. Reg4 g6 27. h4 Rxd5 28. Qc2 Rd4 29. Rxd4 Rxd4 30. hxg6 fxg6 31. h5 c4 32. hxg6 hxg6 33. Qxg6+ Qg7 34. Qe8+ Kh7 35. Rxg7+ Bxg7 36. Qh5+ Kg8 37. Qe8+ 1/2-1/2

[Event "GER-chT U14"]
[Site "Lingen"]
[Date "2011.12.29"]
[Round "5.2"]
[White "Dette, Tim"]
[Black "Hoffmann, Dustin"]
[Result "0-1"]
[WhiteElo "1553"]
[BlackElo "1687"]
[PlyCount "80"]
[EventDate "2011.12.27"]
[EventType "team-swiss"]
[EventRounds "7"]
[EventCountry "GER"]
[SourceTitle "EXT 2022"]
[Source "ChessBase"]
[SourceDate "2021.10.06"]
[SourceVersion "1"]
[SourceVersionDate "2021.10.06"]
[SourceQuality "1"]
[WhiteTeam "Katernberg U14"]
[BlackTeam "Merseburg U14"]
[WhiteTeamCountry "GER"]
[BlackTeamCountry "GER"]

1. e4 c5 2. c3 Nc6 3. d4 cxd4 4. cxd4 e6 5. Nf3 Be7 6. Be2 Nf6 7. e5 Nd5 8. 0-0 0-0 9. Nc3 Nxc3 10. bxc3 d6 11. Bf4 dxe5 12. Nxe5 Qa5 13. Nxc6 bxc6 14. Qc2 Ba6 15. Bxa6 Qxa6 16. Rfe1 Qc4 17. Qb3 Qd5 18. Rad1 Rfd8 19. Bg3 Bf6 20. h3 Rac8 21. Qxd5 cxd5 22. Re3 Rc6 23. Rb1 Rdc8 24. Rb3 h6 25. f3 a5 26. Be1 Bd8 27. Kf1 Rb6 28. Rxb6 Bxb6 29. Re2 a4 30. a3 Ba5 31. Rc2 Rb8 32. Ke2 Rb3 33. Ra2 Bxc3 34. Bxc3 Rxc3 35. Kd2 Rb3 36. Kc2 Kh7 37. Kd2 Kg6 38. Ke2 f5 39. g4 fxg4 40. hxg4 Kg5 0-1

[Event "GER-chT U14"]
[Site "Lingen"]
[Date "2011.12.29"]
[Round "6.2"]
[White "Reimann, Sebastian"]
[Black "Dette, Tim"]
[Result "1/2-1/2"]
[WhiteElo "1516"]
[BlackElo "1553"]
[PlyCount "139"]
[EventDate "2011.12.27"]
[EventType "team-swiss"]
[EventRounds "7"]
[EventCountry "GER"]
[SourceTitle "EXT 2022"]
[Source "ChessBase"]
[SourceDate "2021.10.06"]
[SourceVersion "1"]
[SourceVersionDate "2021.10.06"]
[SourceQuality "1"]
[WhiteTeam "Goeggingen U14"]
[BlackTeam "Katernberg U14"]
[WhiteTeamCountry "GER"]
[BlackTeamCountry "GER"]

1. e4 e6 2. d4 d5 3. Nd2 Nf6 4. e5 Nfd7 5. Bd3 c5 6. c3 Nc6 7. Ne2 cxd4 8. cxd4 Qb6 9. Nf3 f6 10. exf6 Nxf6 11. 0-0 Bd6 12. Qc2 Nb4 13. Qd1 Nxd3 14. Qxd3 0-0 15. Re1 Bd7 16. Bf4 Bxf4 17. Nxf4 Ne4 18. Ne2 Qd6 19. Nc3 Nf6 20. h3 Rae8 21. Ne5 Bc6 22. Re3 Nd7 23. Rae1 Rf6 24. Ng4 Rg6 25. Ne5 Rf6 26. a3 Nb8 27. Rg3 Qf8 28. Nd1 Nd7 29. Nxd7 Bxd7 30. Re5 Rf5 31. Rxf5 Qxf5 32. Qxf5 exf5 33. Re3 Kf7 34. Rxe8 Kxe8 35. Ne3 Be6 36. f4 Ke7 37. Kf2 Kf6 38. Nd1 Bd7 39. Nc3 Bc6 40. b4 a6 41. a4 b5 42. a5 Ke6 43. Ne2 Bb7 44. Nc1 Bc8 45. Nd3 g6 46. Ne5 Bd7 47. Kg3 Bc8 48. Kh4 Kf6 49. Nd3 h6 50. Kg3 Kf7 51. Kf3 Kf6 52. g4 fxg4+ 53. hxg4 Kf7 54. g5 h5 55. Ne5+ Kg7 56. Nc6 Kf7 57. Nd8+ Ke7 58. Nc6+ Kf7 59. Ne5+ Kg7 60. Kg3 Bf5 61. Nf3 Bc8 62. Nh4 Kf7 63. Nf3 Kg7 64. Ne1 Bf5 65. Ng2 Kf7 66. Ne3 Ke6 67. Kh4 Be4 68. Kg3 Bf5 69. Kh4 Be4 70. Kh3 1/2-1/2

[Event "GER-chT U14"]
[Site "Lingen"]
[Date "2011.12.27"]
[Round "1.2"]
[White "Dette, Tim"]
[Black "Kreyssig, Robert"]
[Result "0-1"]
[WhiteElo "1553"]
[BlackElo "1895"]
[PlyCount "76"]
[EventDate "2011.12.27"]
[EventType "team-swiss"]
[EventRounds "7"]
[EventCountry "GER"]
[SourceTitle "EXT 2022"]
[Source "ChessBase"]
[SourceDate "2021.10.06"]
[SourceVersion "1"]
[SourceVersionDate "2021.10.06"]
[SourceQuality "1"]
[WhiteTeam "Katernberg U14"]
[BlackTeam "Leipzig SG U14"]
[WhiteTeamCountry "GER"]
[BlackTeamCountry "GER"]

1. e4 c5 2. d4 cxd4 3. c3 dxc3 4. Nxc3 e6 5. Nf3 a6 6. Be2 Ne7 7. 0-0 Ng6 8. Be3 b5 9. Bd3 Bb7 10. Re1 Be7 11. Rc1 0-0 12. Qe2 Nc6 13. Red1 Rc8 14. Bb1 Nce5 15. Nd2 Nc4 16. Nxc4 Rxc4 17. Rd4 Ne5 18. b3 Rxd4 19. Bxd4 Nc6 20. Be3 Qa5 21. Nd1 Rc8 22. Qd2 Qxd2 23. Bxd2 Nd4 24. Rxc8+ Bxc8 25. Ne3 Bb7 26. f3 Bc5 27. Kf1 Nc6 28. Ke2 Bb4 29. Bxb4 Nxb4 30. a3 Nc6 31. b4 Kf8 32. Ba2 Ke7 33. g3 Ne5 34. Bb3 d6 35. Ba2 Nd7 36. Bb3 Nb6 37. Ba2 g6 38. Bb3 d5 0-1

[Event "GER-chT U12"]
[Site "Arendsee"]
[Date "2009.12.29"]
[Round "5.2"]
[White "Dette, Tim"]
[Black "Birnkraut, Tim"]
[Result "0-1"]
[WhiteElo "1260"]
[BlackElo "1673"]
[PlyCount "70"]
[EventDate "2009.12.27"]
[EventType "team-swiss"]
[EventRounds "7"]
[EventCountry "GER"]
[SourceTitle "EXT 2022"]
[Source "ChessBase"]
[SourceDate "2021.10.06"]
[SourceVersion "1"]
[SourceVersionDate "2021.10.06"]
[SourceQuality "1"]
[WhiteTeam "Katernberg SF U12"]
[BlackTeam "Brackel SF U12"]
[WhiteTeamCountry "GER"]
[BlackTeamCountry "GER"]

1. e4 d5 2. exd5 Qxd5 3. Nc3 Qa5 4. d4 Nf6 5. Nf3 c6 6. Bc4 Bf5 7. 0-0 e6 8. Re1 Qc7 9. d5 cxd5 10. Bxd5 Be7 11. Bb3 0-0 12. Bg5 Nc6 13. Nb5 Qb6 14. Nbd4 Rad8 15. Be3 Bc5 16. c3 e5 17. Nxe5 Nxe5 18. Qe2 Bd3 19. Qd2 Ba6 20. Qc2 Nc6 21. Nf5 Bd3 22. Qc1 Bxf5 23. Kh1 Rfe8 24. Bxc5 Rxe1+ 25. Qxe1 Qxc5 26. Qg1 Ne4 27. h3 Qxf2 28. Qxf2 Nxf2+ 29. Kh2 Be6 30. c4 Ne4 31. Bc2 Nc5 32. b3 Rd2 33. Bb1 Kf8 34. Kg1 Rd1+ 35. Kf2 Bf5 0-1

[Event "GER-chT U12"]
[Site "Arendsee"]
[Date "2009.12.28"]
[Round "3.2"]
[White "Duchow, Julien"]
[Black "Dette, Tim"]
[Result "1/2-1/2"]
[WhiteElo "1515"]
[BlackElo "1260"]
[PlyCount "56"]
[EventDate "2009.12.27"]
[EventType "team-swiss"]
[EventRounds "7"]
[EventCountry "GER"]
[SourceTitle "EXT 2022"]
[Source "ChessBase"]
[SourceDate "2021.10.06"]
[SourceVersion "1"]
[SourceVersionDate "2021.10.06"]
[SourceQuality "1"]
[WhiteTeam "Wildeshausen U12"]
[BlackTeam "Katernberg SF U12"]
[WhiteTeamCountry "GER"]
[BlackTeamCountry "GER"]

1. e4 e6 2. d4 d5 3. Nc3 Nf6 4. e5 Nfd7 5. f4 c5 6. Nf3 Nc6 7. Be3 a6 8. Qd2 b5 9. a3 Rb8 10. Be2 Bb7 11. 0-0 cxd4 12. Nxd4 Nxd4 13. Bxd4 Bc5 14. Rf3 Bxd4+ 15. Qxd4 Qb6 16. Rd1 0-0 17. b3 Rbc8 18. Kf1 Rfd8 19. Rh3 f6 20. Qd3 f5 21. Qg3 d4 22. Qh4 Nf8 23. Qf2 Qc6 24. Bf3 Qc7 25. Bxb7 Qxb7 26. Rxd4 Ng6 27. Rhd3 Rxd4 28. Qxd4 Nf8 1/2-1/2

[Event "GER-chT U12"]
[Site "Arendsee"]
[Date "2009.12.27"]
[Round "1.2"]
[White "Mager, Denis"]
[Black "Dette, Tim"]
[Result "1-0"]
[WhiteElo "1648"]
[BlackElo "1260"]
[PlyCount "87"]
[EventDate "2009.12.27"]
[EventType "team-swiss"]
[EventRounds "7"]
[EventCountry "GER"]
[SourceTitle "EXT 2022"]
[Source "ChessBase"]
[SourceDate "2021.10.06"]
[SourceVersion "1"]
[SourceVersionDate "2021.10.06"]
[SourceQuality "1"]
[WhiteTeam "Frankfurt Makkabi U12"]
[BlackTeam "Katernberg SF U12"]
[WhiteTeamCountry "GER"]
[BlackTeamCountry "GER"]

1. Nf3 c5 2. d4 cxd4 3. Nxd4 Nf6 4. c4 g6 5. Nc3 Bg7 6. e4 d6 7. Be3 0-0 8. Bd3 b6 9. 0-0 Bb7 10. f3 Nfd7 11. Rc1 Nc5 12. b4 Ne6 13. Nce2 Nc6 14. Nxe6 fxe6 15. b5 Ne5 16. Nd4 Qd7 17. Be2 Nf7 18. Qb3 Rac8 19. Rfd1 Nd8 20. Qa3 Ba8 21. Nb3 Nb7 22. Qxa7 Nc5 23. Qxd7 Nxd7 24. Nd4 Nc5 25. Rc2 e5 26. Nb3 Na4 27. Rd3 h6 28. Nd2 g5 29. Ra3 Nc5 30. Nb3 Nd7 31. Ra7 Nc5 32. Nxc5 dxc5 33. Rxe7 Rf7 34. Re6 Rf6 35. Rxf6 Bxf6 36. Rd2 Bd8 37. Rd7 Bc7 38. h4 Bd8 39. Rd6 Kg7 40. Re6 gxh4 41. Bxh6+ Kh7 42. Be3 Bc7 43. Rh6+ Kg7 44. Rxh4 1-0